[Event "Tenerife-chT Primera"]
[Site "Tenerife"]
[Date "2025.01.11"]
[Round "4.3"]
[White "Calvo Nobrega, Joaquin Manuel"]
[Black "Cruz Diaz, Felipe"]
[Result "0-1"]
[WhiteElo "1720"]
[BlackElo "1743"]
[PlyCount "66"]
[EventDate "2024.11.09"]
[EventType "team-tourn"]
[EventRounds "14"]
[EventCountry "ESP"]
[SourceTitle "CB14_2025"]
[SourceDate "2024.11.01"]
[SourceVersion "1"]
[SourceVersionDate "2024.11.01"]
[SourceQuality "1"]
[WhiteTeam "Circulo de Amistad XII Enero II"]
[BlackTeam "Los Realejos II"]
[WhiteTeamCountry "ESP"]
[BlackTeamCountry "ESP"]

1. a3 c6 2. d4 d5 3. g3 Bf5 4. Bg2 Nf6 5. b3 e6 6. Bb2 Bd6 7. Nd2 Nbd7 8. Ngf3 0-0 9. 0-0 h6 10. Re1 Ne4 11. c4 Ndf6 12. Ne5 Nxd2 13. Qxd2 Ne4 14. Qd1 f6 15. Nd3 b6 16. f3 Ng5 17. g4 Bh7 18. h4 Nf7 19. Nf2 Bg3 20. e4 Bxh4 21. Re2 Ng5 22. exd5 exd5 23. Nh3 Qd6 24. cxd5 Nxh3+ 25. Bxh3 Qxd5 26. Bg2 Rae8 27. f4 Qd7 28. Rxe8 Rxe8 29. Bc3 Be4 30. Bxe4 Rxe4 31. Qf3 Qe8 32. Rf1 Re3 33. Qh1 Rg3+ 0-1

[Event "Tenerife-chT Segunda"]
[Site "Tenerife"]
[Date "2023.04.29"]
[Round "12"]
[White "Calvo Nobrega, Joaquin Manuel"]
[Black "Bernal Zelaya, Pedro Gabriel"]
[Result "1-0"]
[WhiteElo "1598"]
[BlackElo "1032"]
[PlyCount "72"]
[EventDate "2023.01.14"]
[EventType "team-tourn"]
[EventRounds "14"]
[EventCountry "ESP"]
[SourceTitle "EXT 2024"]
[Source "ChessBase"]
[SourceDate "2023.10.10"]
[SourceVersion "1"]
[SourceVersionDate "2023.10.10"]
[SourceQuality "1"]
[WhiteTeam "Circulo de Amistad XII Enero III"]
[BlackTeam "Fundacion La Caja de Canarias II"]
[WhiteTeamCountry "ESP"]
[BlackTeamCountry "ESP"]

1. e4 c5 2. d4 cxd4 3. c3 dxc3 4. Nxc3 Nc6 5. Bc4 e5 6. Nf3 Nf6 7. Ng5 d5 8. Nxd5 Nxd5 9. Bxd5 Bb4+ 10. Bd2 Qxg5 11. Bxc6+ bxc6 12. Bxb4 Qxg2 13. Kd2 Qxf2+ 14. Kc3 Qe3+ 15. Qd3 Qxd3+ 16. Kxd3 Ba6+ 17. Kc3 0-0-0 18. Rhg1 g6 19. Rg3 Rd7 20. Rf3 Rhd8 21. Rf6 Kb7 22. Ba5 Re8 23. Rc1 Re6 24. Rf3 Red6 25. Re1 Rd3+ 26. Rxd3 Rxd3+ 27. Kc2 Rh3 28. Rd1 Rxh2+ 29. Kc1 Kc8 30. Rd8+ Kb7 31. Rd7+ Kb8 32. Rxf7 Bd3 33. Bc7+ Kc8 34. Bxe5 Rc2+ 35. Kd1 Rh2 36. Bxh2 h5 1-0

[Event "Tenerife Spring op"]
[Site "Tenerife"]
[Date "2020.03.11"]
[Round "3.6"]
[White "Hernandez Leon, Alberto"]
[Black "Calvo Nobrega, Joaquin Manuel"]
[Result "1-0"]
[WhiteElo "2265"]
[BlackElo "1606"]
[PlyCount "45"]
[EventDate "2020.03.06"]
[EventType "swiss"]
[EventRounds "9"]
[EventCountry "ESP"]
[SourceTitle "EXT 2024"]
[Source "ChessBase"]
[SourceDate "2023.10.10"]
[SourceVersion "1"]
[SourceVersionDate "2023.10.10"]
[SourceQuality "1"]

1. d4 d5 2. c4 e6 3. Nf3 Nf6 4. g3 c6 5. Bg2 Bb4+ 6. Bd2 Qa5 7. 0-0 Bxd2 8. Nbxd2 0-0 9. Qc2 Na6 10. Rfd1 Bd7 11. Ne5 Rfd8 12. e4 Rac8 13. a3 Nxe4 14. Nxe4 dxe4 15. Bxe4 h6 16. Bh7+ Kf8 17. Qe4 Be8 18. Rd3 Rc7 19. Rf3 f5 20. Bxf5 exf5 21. Qxf5+ Kg8 22. Qe6+ Kh7 23. Rf8 1-0

[Event "Tenerife-chT Preferente 1819"]
[Site "Tenerife"]
[Date "2018.12.15"]
[Round "3.4"]
[White "Rodriguez Redondo, Ethan"]
[Black "Calvo Nobrega, Joaquin Manuel"]
[Result "1-0"]
[WhiteElo "1942"]
[BlackElo "1648"]
[PlyCount "83"]
[EventDate "2018.11.24"]
[EventType "team-tourn"]
[EventRounds "14"]
[EventCountry "ESP"]
[SourceTitle "CBM 189 Extra"]
[Source "ChessBase"]
[SourceDate "2019.05.31"]
[SourceVersion "1"]
[SourceVersionDate "2019.05.31"]
[SourceQuality "1"]
[WhiteTeam "Fundacion La Caja de Canarias"]
[BlackTeam "Circulo de Amistad"]
[WhiteTeamCountry "ESP"]
[BlackTeamCountry "ESP"]

1. d4 d5 2. Nc3 Nf6 3. Bg5 Nbd7 4. f3 h6 5. Bh4 g5 6. Bf2 c6 7. Qd3 Qc7 8. 0-0-0 e6 9. h4 g4 10. e4 gxf3 11. gxf3 dxe4 12. fxe4 Ng4 13. Bg3 Bd6 14. e5 Bb4 15. Bh3 h5 16. Ne4 Nh6 17. Ne2 b5 18. Nf4 Qa5 19. Kb1 Ba6 20. Nxh5 0-0-0 21. Nhf6 Nb6 22. a3 Be7 23. Be1 b4 24. axb4 Qa4 25. Qc3 Nd5 26. Nxd5 Rxd5 27. b3 Qb5 28. Bf1 Qb6 29. Bxa6+ Qxa6 30. Qc4 Qb6 31. Nc3 Rd7 32. Na4 Qc7 33. Rh3 Nf5 34. Rc3 Kb7 35. b5 c5 36. Bf2 Rd5 37. b4 Rhd8 38. bxc5 Rxe5 39. c6+ Ka8 40. b6 axb6 41. Qa6+ Kb8 42. Nxb6 1-0

[Event "Tenerife-chT Preferente 1819"]
[Site "Tenerife"]
[Date "2018.12.01"]
[Round "2.3"]
[White "Abreu Suarez, Isauro"]
[Black "Calvo Nobrega, Joaquin Manuel"]
[Result "1-0"]
[WhiteElo "2001"]
[BlackElo "1648"]
[PlyCount "65"]
[EventDate "2018.11.24"]
[EventType "team-tourn"]
[EventRounds "14"]
[EventCountry "ESP"]
[SourceTitle "CBM 189 Extra"]
[Source "ChessBase"]
[SourceDate "2019.05.31"]
[SourceVersion "1"]
[SourceVersionDate "2019.05.31"]
[SourceQuality "1"]
[WhiteTeam "Canarias 64"]
[BlackTeam "Circulo de Amistad"]
[WhiteTeamCountry "ESP"]
[BlackTeamCountry "ESP"]

1. e4 e5 2. Nf3 Nc6 3. Bc4 Nf6 4. d3 Be7 5. 0-0 0-0 6. Re1 d6 7. c3 Na5 8. Bb5 a6 9. Ba4 b5 10. Bc2 c5 11. Nbd2 Qc7 12. Nf1 Re8 13. Ng3 Nc6 14. Bg5 h6 15. Bd2 Bf8 16. Nh4 g6 17. Qc1 Kh7 18. f4 exf4 19. Bxf4 Ng4 20. Rf1 Nge5 21. Nf3 Bg7 22. Kh1 Qe7 23. Qd2 Ra7 24. Rae1 Bg4 25. Be3 Rd7 26. Qf2 Rf8 27. Nxe5 Qxe5 28. h3 Bh5 29. Bf4 Qe7 30. Nxh5 gxh5 31. e5 d5 32. d4+ Kh8 33. Qd2 1-0

[Event "Santa Cruz CajaCanarias op"]
[Site "Santa Cruz"]
[Date "2016.05.18"]
[Round "8"]
[White "Calvo Nobrega, Joaquin Manuel"]
[Black "Lopez Pereyra, Antonio"]
[Result "0-1"]
[WhiteElo "1690"]
[BlackElo "2112"]
[PlyCount "46"]
[EventDate "2016.04.27"]
[EventType "swiss"]
[EventRounds "9"]
[EventCountry "ESP"]
[SourceTitle "CBM 172 Extra"]
[Source "ChessBase"]
[SourceDate "2016.06.21"]
[SourceVersion "1"]
[SourceVersionDate "2016.06.21"]
[SourceQuality "1"]

1. d4 Nf6 2. g3 c5 3. c3 d5 4. Bg2 Nc6 5. Nf3 e6 6. 0-0 Bd6 7. Bg5 h6 8. Bxf6 Qxf6 9. e3 0-0 10. Nbd2 b6 11. Qe2 a5 12. Rfe1 Ba6 13. Qd1 Bd3 14. b3 Rfd8 15. dxc5 bxc5 16. Rc1 a4 17. c4 axb3 18. axb3 Nb4 19. cxd5 exd5 20. Nb1 Be4 21. Nc3 Nd3 22. Nxd5 Bxd5 23. Qxd3 Bxf3 0-1

[Event "Santa Cruz CajaCanarias op"]
[Site "Santa Cruz"]
[Date "2016.05.09"]
[Round "5"]
[White "Calvo Nobrega, Joaquin Manuel"]
[Black "Aguirre Lorenzo, Luis Francisco"]
[Result "0-1"]
[WhiteElo "1690"]
[BlackElo "1957"]
[PlyCount "94"]
[EventDate "2016.04.27"]
[EventType "swiss"]
[EventRounds "9"]
[EventCountry "ESP"]
[SourceTitle "CBM 172 Extra"]
[Source "ChessBase"]
[SourceDate "2016.06.21"]
[SourceVersion "1"]
[SourceVersionDate "2016.06.21"]
[SourceQuality "1"]

1. d4 Nf6 2. g3 d5 3. Bg2 Bf5 4. Nf3 e6 5. 0-0 c5 6. c4 cxd4 7. Nxd4 Be4 8. f3 Bxb1 9. Rxb1 Nc6 10. Nxc6 bxc6 11. cxd5 cxd5 12. Qa4+ Nd7 13. Be3 Be7 14. Rfc1 0-0 15. Rc6 Nb6 16. Qb5 Nc4 17. Bc5 Rb8 18. Qa6 Bxc5+ 19. Rxc5 Qe7 20. Qc6 Rxb2 21. Rxb2 Nxb2 22. f4 Qf6 23. e3 Nc4 24. Rxc4 dxc4 25. Qxc4 g6 26. Qa6 Qe7 27. Bb7 Rb8 28. Bg2 Qc5 29. Qd3 Rb2 30. a4 Qc1+ 31. Bf1 Qd2 32. Qxd2 Rxd2 33. a5 Kf8 34. h3 Ke7 35. a6 Kd6 36. e4 e5 37. Bc4 f6 38. Bg8 h6 39. Bf7 g5 40. fxg5 fxg5 41. h4 gxh4 42. gxh4 Rd4 43. Bd5 Rxd5 44. exd5 Kxd5 45. Kf2 Ke4 46. Ke2 Kf4 47. Kf2 Kg4 0-1